000 00791cam a22002531 4500
001 6469271
003 ARRUPE
005 20131204142629.0
008 750811s1946 enk 000 0 eng
010 _aa 46003755
035 _a(OCoLC)1536032
040 _aDLC
_cGU
_dOCoLC
_dDLC
050 0 0 _aDS413
_b.B364
082 _a915.4
100 1 _aBeaton, Cecil,
_d1904-1980.
_95151
245 1 0 _aIndian album
_c[by] Cecil Beaton.
260 _aLondon,
_bB.T. Batsford
_c[1946]
300 _a77 p.
_billus.
_c23 cm.
500 _a"First published, winter, 1945-6."
500 _aA supplementary volume to the author's Far East, published 1945. cf. Dust jacket.
651 0 _aIndia
_vPictorial works.
_95152
906 _a7
_bcbc
_coclcrpl
_du
_encip
_f19
_gy-gencatlg
942 _2lcc
_cMONOGRAPH
999 _c119083
_d119083